Catalog

Record Details

Catalog Search



Sight unseen #2 [Large Print] / Iris Johansen and ... Read More

Johansen, Iris.(Author).
Johansen, Roy.(Added Author).

Available copies

  • 1 of 1 copy available at LARL/NWRL Consortium.
  • 1 of 1 copy available at Northwest Regional Library. (Show)

Current holds

0 current holds with 1 total copy.

Show Only Available Copies
Location Call Number / Copy Notes Barcode Shelving Location Status Due Date
Warroad Public Library lp JOH (Text) 35500005527716 Main Available -

Record details

  • ISBN: 9781628992335 (library binding : alk. paper)
  • ISBN: 1628992336 (library binding : alk. paper)
  • Physical Description: 431 pages (large print) ; 23 cm
  • Edition: Center Point Large Print edition.
  • Publisher: Thorndike, Maine : Center Point Large Print, 2014.

Content descriptions

Summary, etc.:
"Someone is killing people in ways that mirror ... Read More
Subject: Traffic accident investigation > Fiction.
Women > Psychic ability > Fiction.
Large type books.
Paranormal fiction.
Large type books.
Paranormal fiction.
Traffic accident investigation.
Women > Psychic ability.
Genre: Suspense fiction.
Mystery fiction.
Fiction.
LDR 01973cam a22004938i 4500
001170999
003LARL_NWRL_CONSORTIUM
00520141008094711.0
008140627s2014 meu d 000 1 eng
010 . ‡a2014025813
020 . ‡a9781628992335 (library binding : alk. paper)
020 . ‡a1628992336 (library binding : alk. paper)
035 . ‡a(OCoLC)881910453
040 . ‡aDLC ‡beng ‡erda ‡cDLC ‡dOCLCO ‡dOCLCF ‡dRIOSL ‡dIK2 ‡dNRG
042 . ‡apcc
049 . ‡aNRGE
05010. ‡aPS3560.O275 ‡bS534 2014b
08200. ‡a813/.54 ‡223
1001 . ‡aJohansen, Iris. ‡0(LARL_NWRL_CONSORTIUM)92681
24510. ‡aSight unseen ‡n#2 ‡h[Large Print] / ‡cIris Johansen and Roy Johansen.
250 . ‡aCenter Point Large Print edition.
260 . ‡aThorndike, Maine : ‡bCenter Point Large Print, ‡c2014.
300 . ‡a431 pages (large print) ; ‡c23 cm
336 . ‡atext ‡btxt ‡2rdacontent
337 . ‡aunmediated ‡bn ‡2rdamedia
338 . ‡avolume ‡bnc ‡2rdacarrier
4900 . ‡aKendra Michaels ; ‡v2
520 . ‡a"Someone is killing people in ways that mirror Kendra Michaels's most notorious cases and Kendra must come face to face with her most ruthless enemy"-- ‡cProvided by publisher.
650 0. ‡aTraffic accident investigation ‡vFiction.
650 0. ‡aWomen ‡xPsychic ability ‡vFiction.
650 0. ‡aLarge type books. ‡0(LARL_NWRL_CONSORTIUM)24284
650 0. ‡aParanormal fiction.
650 7. ‡aLarge type books. ‡2fast ‡0(LARL_NWRL_CONSORTIUM)24284
650 7. ‡aParanormal fiction. ‡2fast
650 7. ‡aTraffic accident investigation. ‡2fast ‡0(LARL_NWRL_CONSORTIUM)32923
650 7. ‡aWomen ‡xPsychic ability. ‡2fast ‡0(LARL_NWRL_CONSORTIUM)159013
655 7. ‡aSuspense fiction. ‡2gsafd
655 7. ‡aMystery fiction. ‡2gsafd
655 7. ‡aFiction. ‡2fast
7001 . ‡aJohansen, Roy. ‡0(LARL_NWRL_CONSORTIUM)127437
994 . ‡aC0 ‡bNRG
901 . ‡a170999 ‡bOCLC ‡c170999 ‡tbiblio

Additional Resources